| 000 | 01055cam a2200301 c 4500 | ||
|---|---|---|---|
| 001 | 57071 | ||
| 003 | Mx-PuUPA | ||
| 005 | 20230329092525.0 | ||
| 008 | 140415s2005 uk fr 000 0 eng d | ||
| 020 | _a9781844740765 | ||
| 040 |
_aMX-PuUPA _bspa _erda _cMx-PuUPA _dMx-PuUPA |
||
| 041 | 0 | _aeng | |
| 245 | 0 | 0 |
_aCan we be sure about anything? : _bscience, faith and postmodernism / _cedited by Denis Alexander ; contributors, Denis Alexander, Derek Burke, Peter Bussey [y otros ocho] |
| 250 | _aFirst edition | ||
| 264 | 1 |
_aEngland : _bInter -Varsity Press, _c2005 |
|
| 300 |
_a256 páginas ; _c22 cm |
||
| 336 |
_atexto _2rdacontent _btxt |
||
| 337 |
_asin medio _2rdamedia _bn |
||
| 338 |
_avolumen _2rdacarrier _bnc |
||
| 650 | 7 |
_aReligión y ciencia _2armarc |
|
| 650 | 7 |
_aPosmodernismo _xAspectos religiosos _2armarc |
|
| 700 | 1 |
_aAlexander, Denis, _eeditor _eautor _9799 |
|
| 700 | 1 |
_aBurke, Derek, _eautor |
|
| 700 | 1 |
_aBussey, Peter, _eautor |
|
| 942 |
_2ddc _cLI _h215 _iC2125 |
||
| 999 |
_c57071 _d57071 |
||